| 000 | 00884nam a22002175i 4500 | ||
|---|---|---|---|
| 001 | 157837 | ||
| 003 | ES-MaACL | ||
| 005 | 20250802062537.0 | ||
| 008 | 990310s1870 sp |||| | spa d | ||
| 080 | _a82 | ||
| 100 | 1 |
_aLlano y Persi, Manuel de. _9128995 |
|
| 245 | 1 | 3 |
_aLa literatura / _cfolleto de M. de Llano y Persi. |
| 260 |
_aMadrid : _b[s.n.], _c1870 ( _fImp. de La América a cargo de José Cayetano Conde) |
||
| 300 |
_a17 p. ; _c25 cm. |
||
| 597 | _aTexto a dos col. | ||
| 650 | 7 |
_aLiteratura _2embne _9141583 |
|
| 852 | 4 |
_aES-MaACL _jFol-Laf-174 _z- Legado de Modesto Lafuente _z- Ded. del autor a Inocente Ortiz y Casado |
|
| 852 | 4 |
_aES-MaACL _jT-112-F-7 _z- Enc. hol., falto de cub. original _z- Enc. en un vol. facticio |
|
| 852 | 4 |
_aES-MaACL _jT-154-F-12 _z- Enc. hol., falto de cub. original _z- Enc. en un vol. facticio |
|
| 999 |
_c157837 _d157837 |
||